|
|
|
|
| LEADER |
00000nas a2200000 a 4500 |
| 001 |
ssj0000800501 |
| 003 |
WaSeSS |
| 005 |
20200512172242.0 |
| 006 |
m d |
| 007 |
cr n |
| 008 |
081121c20099999nz uu p s 0 a0eng c |
| 010 |
|
|
|a 2012254635
|
| 016 |
7 |
|
|a 2521247-3
|2 DE-600
|
| 016 |
7 |
|
|a 101606818
|2 DNLM
|
| 022 |
|
|
|a 1179-1489
|l 1179-1489
|
| 035 |
|
|
|a (WaSeSS)ssj0000800501
|
| 040 |
|
|
|a NZ1
|b eng
|c NZ1
|d HEBIS
|d OCLCQ
|d NTE
|d OCLCQ
|d CUV
|d CUS
|d OCLCF
|d OCLCO
|d EUW
|d OCLCO
|d CUI
|d OCLCO
|d OCLCQ
|d NLM
|d OCLCO
|d UIU
|d OCLCQ
|d OCLCO
|d WT2
|d OCLCO
|d OCLCQ
|d OCLCA
|d OCLCQ
|d AU@
|d OCLCA
|d OCLCQ
|d WaSeSS
|
| 042 |
|
|
|a pcc
|
| 050 |
|
4 |
|a RA784
|
| 060 |
0 |
0 |
|a W1
|
| 082 |
0 |
4 |
|a 613.205
|2 22
|
| 210 |
1 |
0 |
|a Nutr Diet Suppl
|2 dnlm
|
| 210 |
1 |
|
|a Nutr. diet. suppl.
|
| 222 |
|
0 |
|a Nutrition and dietary supplements
|
| 245 |
0 |
0 |
|a Nutrition and dietary supplements
|h [electronic resource].
|
| 260 |
|
|
|a [Auckland, N.Z.] :
|b Dove Medical Press,
|c ©2009-
|
| 362 |
1 |
|
|a Began with 2009:1.
|
| 500 |
|
|
|a Archived by the National Library of New Zealand.
|
| 506 |
|
|
|a License restrictions may limit access.
|
| 515 |
|
|
|a Articles added irregularly during the year and collected into annual issues.
|
| 588 |
0 |
|
|a First issue; title from issue home page (viewed Feb. 9, 2010).
|
| 588 |
1 |
|
|a 2016:8 (viewed Feb. 26, 2016).
|
| 650 |
|
0 |
|a Nutrition
|v Periodicals.
|
| 650 |
|
0 |
|a Dietary supplements
|v Periodicals.
|
| 650 |
1 |
2 |
|a Dietary Supplements.
|
| 650 |
1 |
2 |
|a Nutritional Physiological Phenomena.
|
| 650 |
|
7 |
|a Dietary supplements.
|2 fast
|0 (OCoLC)fst00893336
|
| 650 |
|
7 |
|a Nutrition.
|2 fast
|0 (OCoLC)fst01042187
|
| 655 |
|
0 |
|a Electronic journals.
|
| 856 |
4 |
0 |
|z Full text available from Research Library: 01/01/2009 to present
|u https://search.proquest.com/publication/3933339
|